1181 1166 1725 1836 1626 1872 1097 1311 1729 1613 1937 1128 1836 1765 1114 1209 1512 1281 1531 1368 1123 1836 1026 1986 1522 1025 1882 1897 1858 1423 1620 1268 1009 1369 1665 1697 1978 1008 1679 1761 1591 1658 1940 1190 1216 1770 1247 1969 1586 1797 1075 1038 1024 1058 1041 1903 1605 1105 1116 1342 1911 1168 1149 1414 1474 1986 1703 1603 1072 1431 1481 1747 1895 1631 1148 1343 1084 1216 1648 1969 1841 1672 1979 1271 1937 1164 1035 1503 1763 1942 1106 1971 1796 1424 1818 1565 1345 1201 1512 BCNSPRNW ULIB Ver.6.0+V

เปลี่ยนเป็นภาษาไทย

Change to English
 แสดงรายละเอียดบรรณานุกรม
  กลับหน้าหลัก

Brief Record : Get Marc (ISO 2709) : E-mail record : QR code < ปิดหน้าต่าง
LEADER : 00000nam a2200000 a 4500
001    13399128710
003     ULIB
008    220503s2564 th a 001 0 tha d
020    ^a9789740339939
040    ^abrv
050  4 ^aHM251^bช647จ
100 0  ^aชูชัย สมิทธิไกร
245 10 ^aจิตวิทยาสังคม =^bSocial psychology /^cชูชัย สมิทธิไกร
246 31 ^aSocial psychology
250    ^aพิมพ์ครั้งที่ 2
260    ^aกรุงเทพฯ :^bสำนักพิมพ์จุฬาลงกรณ์มหาวิทยาลัย,^c2564
300    ^a311 หน้า :^bภาพประกอบ ;^c26 ซม.
504    ^aมีบรรณานุกรมและดัชนี
650  4 ^aจิตวิทยาสังคม
650  4 ^aทัศนคติ
910    ^aUC-Add Symbol
945    ^p340^l0^i30145
945    ^p340^l0^i30146
999    ^aกัณชพร
รายการนี้ยังไม่มีแท็ก
คุณยังไม่ได้ล็อกอิน คุณสามารถมีกิจกรรมร่วมกับเว็บไซต์ได้ แต่ต้องล็อกอินก่อน ::
  ล็อกอิน

รายการสื่อสารสนเทศ

ลำดับที่ ประเภท เลขเรียก/บาร์โค้ด สถานที่ สถานะ
1. วิทยาศาสตร์การแพทย์ และสุขภาพ
วิทยาศาสตร์การแพทย์ และสุขภาพ
HM251 ช647จ ฉ.1 
  Barcode: 30145
ห้องสมุดวิทยาเขตนครสวรรค์
►หนังสือทั่วไป:l:General Books
บนชั้น
2. วิทยาศาสตร์การแพทย์ และสุขภาพ
วิทยาศาสตร์การแพทย์ และสุขภาพ
HM251 ช647จ ฉ.2 
  Barcode: 30146
ห้องสมุดวิทยาเขตนครสวรรค์
►หนังสือทั่วไป:l:General Books
บนชั้น

รายการใกล้เคียง
    ผู้แต่ง [ชูชัย สมิทธิไกร]

    หัวเรื่อง [จิตวิทยาสังคม]
    หัวเรื่อง [ทัศนคติ]

BibComment


ยังไม่เคยถูกคอมเมนท์

คอมเมนท์ทรัพยากรรายการนี้
  คอมเมนท์: จิตวิทยาสังคม S..


 Copyright 2026. Bcnsprnw @Library